|
|
|
|
| LEADER |
01326nam a2200277 a 4500 |
| 001 |
1502091 |
| 008 |
090621s1989 caua 001 0 eng d |
| 010 |
|
|
|a 88199184
|
| 020 |
|
|
|a 0026681005
|
| 040 |
|
|
|a DLC
|c DLC
|d DLC
|
| 082 |
0 |
0 |
|a 693/.1
|2 20
|
| 100 |
1 |
|
|a Feirer, John Louis.
|
| 245 |
1 |
0 |
|a Residential masonry /
|c John L. Feirer and Gilbert R. Hutchings ; reviewed by Walter Schwersinske.
|
| 260 |
|
|
|a Mission Hills, Calif. :
|b Glencoe Pub. Co.,
|c c1989.
|
| 300 |
|
|
|a 448 p. :
|b ill. ;
|c 24 cm.
|
| 504 |
|
|
|a Includes index.
|
| 541 |
1 |
|
|e 00007245
|
| 650 |
|
0 |
|a Masonry.
|
| 650 |
|
0 |
|a House construction.
|
| 700 |
1 |
|
|a Hutchings, Gilbert R.
|
| 700 |
1 |
|
|a Schwersinske, Walter.
|
| 852 |
4 |
|
|a Ayesha Abed Library
|j General Shelf.
|
| 999 |
|
|
|c 1812
|d 1812
|
| 952 |
|
|
|0 0
|1 4
|2 ddc
|4 0
|6 693_100000000000000_FEI
|7 0
|9 1660
|a BRACUL
|b BRACUL
|c GEN
|d 2009-06-29
|g 0.00
|l 0
|o 693.1 FEI
|p 3010007245
|r 2009-06-29
|t 1
|w 2009-06-29
|y BK
|x No price found in the accession register.
|
| 952 |
|
|
|0 0
|1 0
|2 ddc
|4 0
|6 693_100000000000000_FEI
|7 0
|9 53849
|a SCL
|b SCL
|c GEN
|d 2015-05-24
|e Gift: The Asia Foundation
|l 2
|m 3
|o 693.1 FEI
|p 3020000419
|r 2018-10-18
|s 2018-10-02
|t 2
|w 2015-05-24
|y BK
|
| 952 |
|
|
|0 0
|1 0
|2 ddc
|4 0
|6 693_100000000000000_FEI
|7 0
|9 53872
|a SCL
|b SCL
|c GEN
|d 2015-05-25
|e Gift: The Asia Foundation
|l 2
|m 4
|o 693.1 FEI
|p 3020000418
|r 2023-08-27
|s 2023-05-29
|t 3
|w 2015-05-25
|y BK
|